Breve historia de la filosofía

Saved in:
Bibliografiske detaljer
Hovedforfatter: Giannini Iñiguez, Humberto (autor)
Format: Bog
Sprog:spansk
Udgivet: Santiago Catalonia Ltda. 2012
Udgivelse:24a. ed
Fag:
Tags: Tilføj Tag
Ingen Tags, Vær først til at tagge denne postø!

MARC

LEADER 00000cam a2200000 a 4500
001 UCF9484
003 CL-VaPUC
008 131125e20120100cl |||||||||||||||||spa|d
020 |a 9789568303235 
082 0 4 |a 109  |b GIA  |2 21 
100 |a Giannini Iñiguez, Humberto  |e autor  |9 582349 
245 1 0 |a Breve historia de la filosofía 
250 |a 24a. ed 
300 |a 434 p 
942 |c BK 
945 |d 20131125 03:22:00  |a dcastane 
260 |a Santiago  |b Catalonia Ltda.  |c 2012 
650 0 |a Historia de la filosofía  |9 256920 
650 0 |a Escuelas filosóficas   |9 266232 
583 |a last modification  |c 20131128 11:01:36  |k Rodrigo Vera 
999 |c 353927  |d 353925